All cities of Tajikistan - Statistics

General Stats
  • This quiz has been taken 5 times
  • The average score is 5 of 49
Answer Stats
Region City % Correct
Capital Dushanbe
80%
Khatlon Region Bokhtar
60%
Sughd Region Khujand
60%
Khatlon Region Kulob
40%
Khatlon Region Panj
40%
Sughd Region Panjakent
40%
Sughd Region Buston
20%
Sughd Region Buston
20%
Khatlon Region Danghara
20%
Sughd Region Guliston/Gulistan
20%
Districts under
Tajikistan Central
Government Jurisdiction
Hisor
20%
Sughd Region Istaravshan
20%
Districts under Tajikistan Central Government Jurisdiction Tursunzoda
20%
Districts under
Tajikistan Central
Government Jurisdiction
Vahdat
20%
Khatlon Region Abdurahmoni Jomi
0%
Sughd Region Adrasmon
0%
Khatlon Region Balkh
0%
Khatlon Region Dusti
0%
Khatlon Region Farkhor
0%
Districts under Tajikistan Central Government Jurisdiction Fayzobod
0%
Sughd Region Ghafurov
0%
Sughd Region Gonchi
0%
Sughd Region Homid Aliev
0%
Khatlon Region Hulbuk
0%
Sughd Region Isfara
0%
Sughd Region Istiqlol
0%
Gorno-Badakhshan Khorog
0%
Sughd Region Konibodom
0%
Khatlon Region Levakant
0%
Sughd Region Mehnatobod
0%
Sughd Region Mehrobod
0%
Districts under
Tajikistan Central
Government Jurisdiction
Mirzo Tursunzoda
0%
Khatlon Region Moskovskiy
0%
Khatlon Region Muminobod
0%
Khatlon Region Narak
0%
Sughd Region Navkat
0%
Districts under
Tajikistan Central
Government Jurisdiction
Navobod
0%
Districts under Tajikistan Central Government Jurisdiction Numon Roziq
0%
Khatlon Region Obikiik
0%
Khatlon Region qubodiyon/Kubodiyon
0%
Districts under Tajikistan Central Government Jurisdiction Roghun
0%
Khatlon Region Shakhritus
0%
Districts under
Tajikistan Central
Government Jurisdiction
Sharora
0%
Sughd Region Shaydon
0%
Districts under
Tajikistan Central
Government Jurisdiction
Somoniyon
0%
Khalton Region Soviet
0%
Khatlon Region Vakhsh
0%
Khatlon Region Yovon
0%
Sughd Region Zafarobod
0%
No matching quizzes found
Score Distribution
Percent of People with Each Score
Percentile by Number Answered
Your Score History
You have not taken this quiz